000 01040nac a22002651u 4500
010 _a 2006027122
020 _a9780073511528 (alk. paper)
020 _a0073511528 (alk. paper)
082 0 0 _a658.40380
_bHAA
090 _c8225
_d8225
100 _aHaag, Stephen.
245 1 0 _aInformation systems essentials /
_cStephen Haag, Maeve Cummings.
250 _a2nd ed.
260 _aBoston :
_bMcGraw-Hill/Irwin,c.2008.
_cc.2008.
300 _axxxi, 490 p. :
_bill. (some col.) ;
_c28 cm. +
_e1 CD-ROM (4 3/4 in.)
500 _aIncludes bibliographical references and index.
500 _aDistributer: Al-Ahram.
511 _aCatalogued By: Mahitab.
650 0 _aManagement information systems.
650 0 _aInformation technology.
700 1 _aCummings, Maeve.
856 4 1 _3Table of contents only
_uhttp://www.loc.gov/catdir/toc/ecip0619/2006027122.html
942 _cBB
_k658.40380HAA
999 _c8225
_d8225